Métodos estadísticos
Saved in:
| Main Authors: | , |
|---|---|
| Format: | Bog |
| Sprog: | spansk |
| Udgivet: |
Ciudad de México
Continental
1971
|
| Fag: | |
| Tags: |
Tilføj Tag
Ingen Tags, Vær først til at tagge denne postø!
|
MARC
| LEADER | 00000nam a2200000 a 4500 | ||
|---|---|---|---|
| 001 | UCP2677 | ||
| 003 | CL-VaPUC | ||
| 008 | 990520e19710000MX |||||||||||||||||spa|d | ||
| 082 | 0 | 4 | |a 519.5 |b SNE |2 21 |
| 100 | 0 | |a Snedecor, George Waddel |e author |9 429605 | |
| 700 | 0 | |a Cochran, William Gemmell |e author |9 429606 | |
| 245 | 1 | 0 | |a Métodos estadísticos |
| 300 | |a 703 p | ||
| 942 | |c BK | ||
| 945 | |d 19990520 00:00:00 |a crobeson | ||
| 260 | |a Ciudad de México |b Continental |c 1971 | ||
| 650 | 0 | |a Estadística matemática |9 260028 | |
| 650 | 0 | |a Muestreo |9 270457 | |
| 650 | 7 | |a METODOS NO PARAMETRICOS |2 CL-VaPUC |9 407136 | |
| 650 | 0 | |a Regresión lineal |9 362689 | |
| 650 | 7 | |a CORRELACION |2 CL-VaPUC |9 429607 | |
| 650 | 0 | |a Análisis de varianza |9 336938 | |
| 650 | 0 | |a Regresión múltiple |9 424908 | |
| 650 | 0 | |a Análisis de covarianza |9 354464 | |
| 583 | |a last modification |c 19990520 00:00:00 |k Rodrigo Vera | ||
| 999 | |c 281180 |d 281178 | ||
| 952 | |0 0 |1 0 |4 0 |6 519_500000000000000_SNE_1971 |7 0 |8 A |9 321856 |a BIBGIM |b BIBGIM |d 2019-11-20 |i 1345885 |o 519.5 SNE 1971 |p 1345885 |r 2025-01-15 |w 2019-11-20 |y BK |k EST | ||
| 952 | |0 0 |1 0 |4 0 |6 519_500000000000000_SNE_1971 |7 0 |8 A |9 321857 |a BIBGIM |b BIBGIM |d 2019-11-20 |i 1345893 |o 519.5 SNE 1971 |p 1345893 |r 2025-01-15 |w 2019-11-20 |y BK |k EST | ||